European Icons Fc25 - Statistics

General Stats
  • This quiz has been taken 50 times
  • The average score is 49 of 79
Answer Stats
OVR Position Country Answer % Correct
94 CAM France Zidane
100%
92 CB Italy Maldini
93%
92 ST Hungary Puskas
93%
93 CAM Netherlands Cruyff
90%
92 ST Germany Muller
90%
92 GK Russia Yashin
88%
91 GK Italy Buffon
86%
91 ST France Henry
86%
91 ST Portugal Eusebio
83%
90 RW Northern Ireland George Best
83%
90 CM Spain Xavi
83%
90 GK Spain Casillas
81%
92 CAM England Charlton
81%
89 RB Germany Lahm
81%
88 CM England Gerrard
79%
91 ST Netherlands Van Basten
79%
88 RW Wales Bale
76%
90 CAM Netherlands Gullit
76%
90 CM Italy Pirlo
74%
91 CAM Italy Baggio
71%
91 CB Italy Baresi
71%
88 GK Czech Republic Cech
71%
89 GK Denmark Schmeichel
71%
86 CM Ireland Keane
69%
87 CM England Lampard
69%
88 RM England Beckham
67%
89 CB Italy Cannavaro
67%
89 ST Scotland Dalglish
67%
88 CAM Romania Hagi
67%
88 LM Czech Republic Nedved
67%
88 GK Netherlands Van Der Sar
67%
86 LB England Ashley Cole
64%
89 CB Spain Carles Puyol
64%
88 CB England Ferdinand
64%
87 ST Spain Fernando Torres
64%
89 RW Portugal Luis Figo
64%
90 CM Germany Matthaus
64%
90 CB England Moore
64%
90 ST Spain Raul
62%
88 ST England Rooney
62%
87 ST Wales Rush
62%
88 ST Ukraine Shevchenko
62%
88 ST Netherlands Van Persie
62%
89 ST Netherlands VanNistelrooy
60%
86 CDM Italy Gattuso
57%
87 CDM France Makelele
57%
87 LM France Pires
57%
89 ST Bulgaria Stoichkov
57%
88 CB France Desailly
55%
88 CM England Scholes
55%
87 CB Serbia Vidic
55%
86 RB Italy Zambrotta
55%
88 CB Spain Hierro
52%
88 LM France Ribery
52%
87 ST Croatia Suker
52%
86 CB England Campbell
50%
90 CAM Italy Del Piero
50%
88 ST Germany Klose
50%
86 ST Sweden Larrson
50%
87 LW England Barnes
48%
89 CB Italy Nesta
48%
88 CB Netherlands Koeman
45%
87 CDM France Petit
45%
88 RB France Thuram
45%
89 ST Spain butragueno
43%
89 ST England Shearer
43%
88 CM France Vieira
43%
90 ST Netherlands Bergkamp
40%
87 ST Netherlands Kluivert
40%
89 ST England Lineker
40%
88 CM Germany Schweinsteiger
40%
87 CDM Spain Xabi Alonso
40%
87 ST Italy Zola
40%
89 ST France Cantona
38%
88 ST England Owen
38%
87 CDM Netherlands Rijkaard
38%
88 CB France Blanc
36%
88 CAM Denmark Laudrup
26%
87 ST England Wright
24%
No matching quizzes found
Score Distribution
Percent of People with Each Score
Percentile by Number Answered
Your Score History
You have not taken this quiz